Компьютерное прогнозирование работы установки каталитического риформинга бензинов с непрерывной регенерацией катализатора Омского НПЗ; Химия и химическая технология в XXI веке

Bibliographic Details
Parent link:Химия и химическая технология в XXI веке.— 2008.— С. 203
Main Author: Витюк О. Ю.
Other Authors: Гынгазова М. С. Мария Сергеевна (научный руководитель), Иванчина Э. Д. Эмилия Дмитриевна
Language:Russian
Published: 2008
Subjects:
Format: Book Chapter
KOHA link:https://koha.lib.tpu.ru/cgi-bin/koha/opac-detail.pl?biblionumber=167885

MARC

LEADER 00000naa2a2200000 4500
001 167885
005 20231031162928.0
035 |a (RuTPU)RU\TPU\book\182138 
090 |a 167885 
100 |a 20091021d2008 k y0rusy50 ca 
101 0 |a rus 
102 |a RU 
200 1 |a Компьютерное прогнозирование работы установки каталитического риформинга бензинов с непрерывной регенерацией катализатора Омского НПЗ  |f О. Ю. Витюк, М. С. Гынгазова  |g науч. рук. Э. Д. Иванчина 
320 |a Библиогр.: 2 назв. 
463 1 |0 (RuTPU)RU\TPU\book\176288  |t Химия и химическая технология в XXI веке  |o IX Всероссийская научно-практическая конференция студентов и аспирантов, Томск, 14-16 мая 2008 г.  |o сборник материалов  |f Томский политехнический университет (ТПУ) ; Химия и химическая технология в XXI веке  |v С. 203  |d 2008  |p 338 с. 
610 1 |a каталитический риформинг 
610 1 |a прогнозирование 
610 1 |a бензин 
610 1 |a регенерация 
610 1 |a компьютерное прогнозирование 
610 1 |a углеводороды 
610 1 |a переработка 
610 1 |a моделирующие системы 
610 1 |a ACTIV+C 
610 1 |a катализ 
610 1 |a труды учёных ТПУ 
700 1 |a Витюк  |b О. Ю. 
701 1 |a Гынгазова  |b М. С.  |c химик-технолог  |c инженер Томского политехнического университета, кандидат технических наук  |f 1985-  |g Мария Сергеевна  |2 stltpush  |3 (RuTPU)RU\TPU\pers\28433 
702 1 |a Иванчина  |b Э. Д.  |c химик  |c профессор Томского политехнического университета, доктор технических наук  |f 1951-  |g Эмилия Дмитриевна  |2 stltpush  |4 727 
801 1 |a RU  |b 63413507  |c 20091021 
801 2 |a RU  |b 63413507  |c 20150820  |g RCR 
942 |c BK